Normal view
MARC view
- Mumbai (India)
Entry Geographic Name
001 - CONTROL NUMBER
- control field: 81832
003 - CONTROL NUMBER IDENTIFIER
- control field: NUST
005 - DATE AND TIME OF LATEST TRANSACTION
- control field: 20210827160656.0
008 - FIXED-LENGTH DATA ELEMENTS
- fixed length control field: 210827|| aca||aabn | a|a d
040 ## - CATALOGING SOURCE
- Original cataloging agency: NUST
- Transcribing agency: NUST
151 ## - HEADING--GEOGRAPHIC NAME
- Geographic name: Mumbai (India)
- Form subdivision: Fiction
670 ## - SOURCE DATA FOUND
- Source citation: Work cat.: (NUST)0: Roberts, Gregory David. 81827, Shantaram :, 2004.
